Statistics for Politics Revision - 10

Click here to take the quiz!

General Stats

  • This quiz has been taken 4 times
  • The average score is 9 of 25

Answer Stats

QuestionAnswer% Correct
What is the traditional ideology of the Conservative party? It is an ideology that favours a pragmatic approach to dealing with problems, seeks to preserve the status quo, and looks to work with and improve upon what exists already.Conservatism
100%
What is the traditional ideology of the Liberal Democrat party? It is an ideology associated with notions of personal liberty, toleration and limited government. It is often subdivided into tow seperate strands.Liberalism
100%
What was the term given to the characterisation of the party that emerged to fight the 1997 general election following a process of party modernisation completed by Tony Blair?New Labour
100%
Who is seen as having birthed the Conservative Party after the Tamworth Manifesto in 1834?Robert Peel
100%
What is the traditional ideology of the Labour party? It is an ideology that advocates for greater equality and the redistribution of wealth. It favours greater government intervention, in both economic and social policy.Socialism
100%
When was the Labour party constitution?1918
67%
When was the Liberal Democratic party founded, after a merge between the Social Democratic Party and the Liberal Party?1988
67%
What is the type of party that campaign on a particular issue or offer a wide-ranging programme of policies rooted in a particular ideological perspective?Single-Issue Parties
67%
What is the Labour party's initiative which requires a constituency party to draw up an entirely female shortlist from which their parliamentary candidate will be chosen?All-Women Shortlists
33%
What is the term given to when many parties compete for power and the government consists of a series of coaltions formed by different combinations of parties?Multiparty System
33%
In contrast, what is the other side of the Conservatives which favours slow and gradual change, a Keynesian mixed economy, support for a universal welfare state, and greater European integration?One-Nation Conservatism
33%
What is the term given to the funds paid to opposition parties in order to help them cover their administrative costs and thereby provide for proper scrutiny of the government? It is available to all opposition parties that win at least two seats at a general election.Short Money
33%
What is the term given to when two fairly equally matched parties compete for power at elections and others have little realistic chance of breaking their duopoly?Two-Party System
33%
What was the membership of the Conservative party in 2016? Consider that the membership of the Labour party at this time was 515,000.149,800
0%
What is the term given to the funds paid to opposition parties in the House of Lords in order to help them cover their administrative costs and thereby provide for proper scrutiny of the government?Cranborne Money
0%
What is the term given to when many parties exist but only one holds government power for a period of time?Dominant-Party System
0%
What is the body that shapes the strategic direction of the Liberal Democrats and oversees the work of the party's other federal committees?Federal Board
0%
What is the type of party that the three national political parties fall under?Mainstream Parties
0%
What is the term given to the right of the governing party to pursue the policies it sets out in its general election manifesto?Mandate
0%
Where are the headquarters of the Conservative party, where the national party is organised?Millbank
0%
What is the economic theory which advocates controlling the money supply as a means of keeping inflation in check? It usually goes hand in hand with the neo-liberalism, the side of the Conservatives seen in the Thatcher years.Monetarism
0%
What is the main national organ of the Labour party which enforces party discipline and oversees the smooth running of the party?National Executive Committee
0%
What is the type of party that look to nurture the cultural identity of a specific area?Nationalist Parties
0%
What was the Act in 2009 which imposed tighter regulations on spending by candidates in the run-up to an election, allowing the Electoral Commission to investigate cases and impose fines, restricting donations from non-UK residents and reducing the thresholds for the declaration of donations?Political Parties and Election Act
0%
What was the Act in 2000 which imposed an overall limit on party spending in general election campaigns, established additional spending limits for elections to devolved bodies and the European Parliament, and required parties to declare all donations over £5000 to the Electoral Commission?Political Parties, Elections and Referendums Act
0%

Score Distribution

Percentile by Number Answered

Percent of People with Each Score

Your Score History

You have not taken this quiz